000 00316nam a2200121Ia 4500
008 220204s9999 xx 000 0 und d
082 _a681.3(03)
_bMAY
100 _aMaynard, Jeff
245 0 _aDictionary of data processing
260 _aLondon
_bNewnes-Butterworths
_c1975
650 _aData processing
942 _cBK
999 _c27092
_d27092